000 00546nam a2200205 a 4500
001 857
003 CO-ViMGA
008 141112s2004 ck r 000 u spa d
040 _aCO-ViMGA
_bspa
_cCO-ViMGA
082 0 4 _aR346 C656cb
100 1 _aColombia. Leyes, decretos,
_96163
245 1 0 _aCódigo de procedimiento civil
250 _a2a
260 _aSantafé de Bogotá :
_bLegis,
_c1997
300 _a736 p
490 _aCódigos básicos
650 1 4 _aDERECHO CIVIL - CODIGOS
650 1 4 _aPROCEDIMIENTO CIVIL
_948794
942 _2ddc
_cBK
999 _c13087
_d13087